000 00715cab a2200241 4500
001 ABS49279
008 090401t1993 xxu||||| |||| 00| 0 eng d
035 _a(Sirsi) u70697
041 _aeng
100 _h
245 _aLittle to be glad about
260 _c1993
350 _a0
490 _aNew Builder
_v(187) 17 September 1993, 22-23(2)
520 _aThis quarterly report includes historic and projected tender costs for civil engineering and general construction economic data.
650 _aCIVIL ENGINEERING SECTOR
650 _aCONSTRUCTION MARKET
650 _aSTATISTICS
650 _aTENDER PRICES
690 _aBUILDING AND CONSTRUCTION-ECONOMICS
942 _n0
948 _c04/03/1997
999 _c44496
_d44496